000 00863cam a22001934a 4500
005 20250605164059.0
008 250528s ||||||||||||||||||||||||d
035 _a17557
020 _a9783319017501
040 _aGR-AtMCL
_bgre
_dGR-AtMCL
_eAACR2
245 1 _aConcise Computer Mathematics / Tutorials on Theory and Problems
260 _bSpringer,
_c2013
300 _a109
520 _aSets and Numbers, Relations and Databases, Functions, Boolean Algebra and Logic and Quantifiers, Normal Forms and Proof and Argument, Vectors and Complex Numbers, Matrices and Applications, Matrix Applications in Computer Graphics, Elements of Graph Theory, Elements of Number Theory and Cryptography, Elements of Calculus, Elementary Numerical Methods, Further Reading, Index.
700 1 _aBagdasar Ovidiu
_93707
942 _cBK
999 _c2961
_d2961